Prestavba hospodárskeho mechanizmu v bankovo-menovej oblasti a v oblasti financií podnikov

Salvato in:
Dettagli Bibliografici
Autore principale: Thomas, Gustáv
Ente Autore: Vysoká škola ekonomická v Bratislave. Národohospodárska fakulta
Altri autori: Fetisovová, Elena
Natura: Libro
Lingua:slovacco
Pubblicazione: Bratislava Vysoká škola ekonomická 1989
Edizione:1. vyd.
Tags: Aggiungi Tag
Nessun Tag, puoi essere il primo ad aggiungerne!!

MARC

LEADER 00000nam a2200000 4500
001 c029774
005 20221215071237.1
041 0 |a slo 
044 |a SK 
245 1 0 |a Prestavba hospodárskeho mechanizmu v bankovo-menovej oblasti a v oblasti financií podnikov  |c Gustáv Thomas, Elena Fetisovová-Jesenská 
250 |a 1. vyd. 
264 1 |a Bratislava  |b Vysoká škola ekonomická  |c 1989 
300 |a 42 s. 
100 1 |a Thomas, Gustáv 
700 1 |a Fetisovová, Elena 
710 2 |a Vysoká škola ekonomická v Bratislave. Národohospodárska fakulta